A hadgyakorlatok
V oblasti severného Zemplína v okolí Vranova sa už po druhý rok uskutoční celokrajinské vojenské cvičenie. Od 31. augusta 1909 sa schádzalo vojsko do Humenného a odtiaľ 4. septembra prešli do Vranova.
| Médium: | Článok |
|---|---|
| Jazyk: | Hungarian |
| Témy: | |
| Zdroj: |
1. Felvidéki Hirlap 1. Roč. 2, č. 36 (05.09.1909) s. 2 |
| LEADER | 00922nab#a2200301#ar4500 | ||
|---|---|---|---|
| 001 | 000073365 | ||
| 003 | SVKKK | ||
| 005 | 20040107xxxxxxx. | ||
| 008 | 06 c xo huno | ||
| FMT | |||
| 038 | |a SVKKK | ||
| 040 | |a SVKKK |b slo |e AACR2 | ||
| 041 | 0 | |a hun | |
| 044 | |a xo |c SK | ||
| 080 | |a 355/359 | ||
| 242 | 1 | 0 | |a Vojenské cvičenia |
| 245 | 0 | 0 | |a A hadgyakorlatok |
| 500 | |a mikrofilm | ||
| 520 | 2 | |a V oblasti severného Zemplína v okolí Vranova sa už po druhý rok uskutoční celokrajinské vojenské cvičenie. Od 31. augusta 1909 sa schádzalo vojsko do Humenného a odtiaľ 4. septembra prešli do Vranova. | |
| 650 | 0 | 4 | |a vojsko - cvičenia vojenské - Vranov (okres) - jeseň 1909 - správy |
| 773 | 0 | |t Felvidéki Hirlap |g Roč. 2, č. 36 (05.09.1909) s. 2 | |
| 957 | |a Vranov (okres) | ||
| 958 | |a DG | ||
| 958 | |a SK | ||
| 974 | |a Ba |d 20040107 | ||
| 992 | |a RBX | ||
| BAS | |||
| 998 | |a RETRO | ||